00599nam a2200109Ia 4500008004100000245001800041300027600059650001300335856005000348999001900398952007200417170517s9999 xx 000 0 und d aPowers of Ten aPowers of Ten explores the relative size of things from the microscopic to the cosmic. The 1977 film travels from an aerial view of a man in a Chicago park to the outer limits of the universe directly above him and back down into the microscopic world contained in the... xScience. uhttp://topdocumentaryfilms.com/powers-of-ten/ c334345d334345 001040aCLbCLd2017-05-17l0r2017-05-17 00:00:00w2017-05-17yDF